00984nam a2200241Ia 4500008004100000020001500041040001800056041000800074100001800082245010400100260005900204300001800263490008900281504003900370650004900409650003400458650003600492650002600528650004400554700001300598710004300611740008800654130821s1999 ne gr fre  a9041113940 aCo-BoUCMbspa00afre1 aPicone, Paolo14aLes méthodes de coordination entre ordres juridiques en droit international privécPaolo Picone aDordrecht (Holanda)bMartinus Nijhoff Publishersc1999 a427 páginas 0aRecueil des Cours.v276aCollected Courses of the Hague Academy of International Law aIncluye bibliografía e índice.04aComercio internacionalxAspectos jurídicos04aDerecho internacional privado04aDerecho internacional público04aDerecho internacional04aEmpresas internacionalesxLegislación1 aBaxi, U.2 aAcadémie de Droit International Law.02aMass torts, multinational enterprise liability and private international / U. Baxi.